| 000 | 00476cam a22002051 4500 | ||
|---|---|---|---|
| 001 | sa 68007899 | ||
| 003 | DLC | ||
| 005 | 20260227112526.0 | ||
| 008 | 881029s1967 xx 000 0 benr | ||
| 010 | _asa 68007899 | ||
| 035 | _a(OCoLC)23577804 | ||
| 040 |
_aDLC _cMiU _dDLC |
||
| 042 | _apremarc | ||
| 050 | 0 | 0 |
_aPK1730.19.A79 _bB4 |
| 100 | 1 | _aDas, Santosh. | |
| 245 | 1 | 0 | _aBepathumatī. |
| 260 |
_a[n.p.] _c[c1967] |
||
| 300 |
_a67 p. _c22 cm. |
||
| 500 | _aRomanized. | ||
| 999 |
_c82089 _d82089 |
||